Приложения к Отчету Императорского Харьковского университета за 1851 год

Доступно только в Электронных читальных залах Найти на картеНа карте
RUSMARC
00003881nmc2a2200000 x 450
0015fb21b8b-ddbf-42e1-b9aa-8b386bd3d9cb
00520160711124524.0
100##$a20150709l18511852k l0rusy0189 ca
1010#$arus
102##$aRU
2001#$aПриложения к Отчету Императорского Харьковского университета за 1851 год
$j1851-1852 гг.
251##$cДело
300##$aДело
300##$aОриг. заголовок дела: Приложение к Отчету о состоянии Императорского Харьковского универитета за 1851 год
801#0$aRU
$bРГИА
$c20150709
$gRCR
801#1$aRU
$bГлавНИВЦ
$c20150709
$2rusmarc
801#2$aRU
$bПБ им. Б.Н. Ельцина
$c20160711
$gRCR
$2rusmarc
850##$aРГИА
852##$aРГИА
$eФедеральное казенное учреждение "Российский государственный исторический архив" (РГИА)
$j748
937##$hРГИА
$d11835740
$aASBIBLIO_SCAN
462#0$1001fd6b21ee-d87a-47e3-a853-b37a42a57f1e
$12001
$aОтчеты научных учреждений и учебных округов Департамента народного просвещения
$1251
$cОпись
$1852
$j95
461#0$1001a74412a3-3cc5-4d21-8f0a-dfe2fbd9e72d
$12001
$aДепартамент народного просвещения Министерства народного просвещения (1803-1917)
$1251
$cФонд
$1852
$j733
215##$a93 л.
$d36,5х26 см
371##$aДокумент не является опубликованным и широко распространяемым
105##$ay###
1222#$ad
5171#$aПриложение к Отчету о состоянии Императорского Харьковского универитета за 1851 год
035##$a5fb21b8b-ddbf-42e1-b9aa-8b386bd3d9cb
Формат отображения